Culture Générale - Série 1291 - Statistiques

Statistiques générales
  • Ce quiz a été pris 76 fois
  • Le résultat moyen est 5 sur 10
Statistiques - réponses
Question Réponse % Correct
En France, quel humoriste a envisagé d'être candidat aux élections présidentielles de 1981 ? Coluche
96%
De quel pays d'Amérique du Sud l'Île de Pâques est-elle un territoire spécial ? Chili
86%
En France, quel ministre de l'Emploi a fait voter la loi sur les 35 heures ? Martine Aubry
74%
En quelle année a-t-on adopté la loi relative à la liberté d'association en France ? 1901
66%
En quelle année fut créé le terme « Internet » ? 1974
40%
De quel pays serait originaire le West Highland white terrier (ou Westie) ? Écosse
40%
Dans quelle ville européenne se trouve la sculpture la « Bouche de vérité » ? Rome
30%
Que souhaitait Alain Gillot-Pétré à son public à la fin de chacun de ses bulletins météo ? bon vent
24%
Quel fut le premier pays à autoriser les unions ou les partenariats civils ? Danemark
19%
Quel aviateur français, figure emblématique de l'Aérospatiale, était surnommé l'Archange ? Jean Mermoz
14%
Aucun quiz correspondant
Distribution des résultats
% des personnes avec chaque résultat
Percentile par nombre de réponses
Votre historique - résultats
Vous n’avez pas pris ce quiz